[Event "89th YMCA Spring-A"]
[Site "Warszawa"]
[Date "2011.03.29"]
[Round "1"]
[White "Gluszko, Monika"]
[Black "Choroszej, Aleksander"]
[Result "0-1"]
[WhiteElo "1990"]
[BlackElo "2067"]
[PlyCount "222"]
[EventDate "2011.03.29"]
[EventType "tourn"]
[EventRounds "1"]
[EventCountry "POL"]
[SourceDate "2011.03.31"]

1. e4 g6 2. d4 Bg7 3. Nc3 d6 4. Be3 a6 5. g4 b5 6. Bg2 Bb7 7. g5 Nd7 8. h4 c5
9. h5 cxd4 10. Bxd4 e5 11. Be3 Nb6 12. Bxb6 Qxb6 13. Nd5 Qc5 14. Rh3 Bxd5 15.
exd5 gxh5 16. Qd2 Ne7 17. O-O-O b4 18. Ne2 Ng6 19. f4 Qf2 20. Be4 Nxf4 21. Nxf4
Qxd2+ 22. Rxd2 exf4 23. Rxh5 Kf8 24. Rh4 Be5 25. Rxh7 Rxh7 26. Bxh7 Kg7 27. Be4
Rh8 28. Bf3 Rh3 29. Rd3 Rg3 30. a3 a5 31. axb4 axb4 32. Rb3 Bd4 33. Kd1 Bc5 34.
Ke2 Rxg5 35. Rd3 Kf6 36. c3 bxc3 37. Rxc3 Rg1 38. Rc4 Ke5 39. b4 Be3 40. Re4+
Kf5 41. Re7 Kf6 42. Rd7 Ke5 43. Rxf7 Rb1 44. Re7+ Kd4 45. Re4+ Kc3 46. Bh5 Rb2+
47. Kf3 Rf2+ 48. Kg4 Rd2 49. Bf7 Rg2+ 50. Kf3 Rg7 51. Be8 Kd2 52. Re6 Rg3+ 53.
Ke4 f3 54. Rxd6 f2 55. Bb5 Rg4+ 56. Kf3 Rf4+ 57. Kg2 Rxb4 58. Ba6 Rg4+ 59. Kh3
Rf4 60. Kg2 f1=Q+ 61. Bxf1 Rf2+ 62. Kg3 Rxf1 63. Re6 Rf7 64. d6 Rd7 65. Kf3 Bc5
66. Re5 Bxd6 67. Rd5+ Kc3 68. Ke4 Re7+ 69. Kf5 Bb4 70. Kf6 Re2 71. Kf5 Kc4 72.
Rd7 Bc5 73. Rd8 Bd4 74. Rd7 Kd3 75. Rh7 Rf2+ 76. Ke6 Kc4 77. Rh5 Rf6+ 78. Kd7
Bc5 79. Rh1 Kb5 80. Rb1+ Bb4 81. Rc1 Rd6+ 82. Ke8 Rf6 83. Rc2 Bc5 84. Kd7 Rd6+
85. Ke8 Kc6 86. Kf7 Kd5 87. Rd2+ Bd4 88. Re2 Rf6+ 89. Kg8 Rg6+ 90. Kf8 Be5 91.
Kf7 Rg7+ 92. Kf8 Rb7 93. Ra2 Ke6 94. Ra6+ Bd6+ 95. Kg8 Rb1 96. Kg7 Rg1+ 97. Kh7
Ke7 98. Ra7+ Ke8 99. Ra2 Be7 100. Rf2 Kd7 101. Re2 Bf6 102. Re4 Kd6 103. Re2
Be5 104. Ra2 Ke6 105. Ra6+ Kf5 106. Ra5 Rg7+ 107. Kh6 Rg8 108. Ra7 Rg1 109. Kh7
Rh1+ 110. Kg8 Rh8+ 111. Kf7 Rh7+ 0-1

[Event "89th YMCA Spring-A"]
[Site "Warszawa"]
[Date "2011.03.30"]
[Round "1"]
[White "Kaczorowski, Piotr"]
[Black "Jarmula, Pawel"]
[Result "0-1"]
[WhiteElo "2117"]
[BlackElo "2031"]
[PlyCount "94"]
[EventDate "2011.03.29"]
[EventType "tourn"]
[EventRounds "1"]
[EventCountry "POL"]
[SourceDate "2011.03.31"]

1. Nf3 d5 2. d4 Nf6 3. c4 c6 4. e3 e6 5. Bd3 dxc4 6. Bxc4 Bd6 7. O-O O-O 8. Nc3
b5 9. Bd3 Nbd7 10. e4 e5 11. Bg5 h6 12. Bxf6 Qxf6 13. d5 b4 14. Na4 cxd5 15.
exd5 Bb7 16. Bb5 Rad8 17. Qd3 Nc5 18. Nxc5 Bxc5 19. Bc4 Qd6 20. Rad1 f5 21. Qe2
Rfe8 22. Qc2 g6 23. h4 Kg7 24. h5 e4 25. Nh4 Qf6 26. Nxg6 e3 27. Nf4 exf2+ 28.
Kh1 Qh4+ 29. Nh3 Bc8 30. Bb5 Re3 31. Rd3 Rxd3 32. Qxd3 a6 33. Bxa6 Bxa6 34.
Qxa6 Qg3 35. Qg6+ Qxg6 36. hxg6 Rxd5 37. Nxf2 Kxg6 38. Rd1 Rxd1+ 39. Nxd1 f4
40. Kh2 Kf5 41. Kh3 Ke4 42. Kg4 Be3 43. Nc3+ bxc3 44. bxc3 Bf2 45. a4 Bb6 46.
c4 Bc7 47. c5 Kd5 0-1

[Event "89th YMCA Spring-A"]
[Site "Warszawa"]
[Date "2011.04.01"]
[Round "1"]
[White "Sielicki, Tomasz"]
[Black "Jaworski, Andrzej"]
[Result "1/2-1/2"]
[WhiteElo "2026"]
[BlackElo "2040"]
[PlyCount "60"]
[EventDate "2011.03.29"]
[EventType "tourn"]
[EventRounds "1"]
[EventCountry "POL"]
[SourceDate "2011.03.31"]

1. d4 c5 2. d5 d6 3. e4 e5 4. Nc3 g6 5. Bb5+ Nd7 6. f4 Bg7 7. Nf3 a6 8. Bxd7+
Qxd7 9. fxe5 dxe5 10. O-O h6 11. Be3 b6 12. a4 Qd6 13. Nd2 Rb8 14. Nc4 Qd8 15.
a5 b5 16. Nb6 Qd6 17. Qf3 Nf6 18. Qf2 c4 19. h3 O-O 20. Rad1 Bb7 21. Bc5 Qd8
22. Bxf8 Qxf8 23. Qh4 Qd6 24. Kh1 Rf8 25. Rf3 Nh7 26. Qg4 Nf6 27. Qh4 Nh7 28.
Qg4 Nf6 29. Qh4 Nh7 30. Qg4 Nf6 1/2-1/2

[Event "89th YMCA Spring-A"]
[Site "Warszawa"]
[Date "2011.04.01"]
[Round "1"]
[White "Szymczak, Rafal"]
[Black "Kasperkiewicz, Pawel"]
[Result "1-0"]
[WhiteElo "2089"]
[BlackElo "2128"]
[PlyCount "81"]
[EventDate "2011.03.29"]
[EventType "tourn"]
[EventRounds "1"]
[EventCountry "POL"]
[SourceDate "2011.03.31"]

1. f4 d5 2. Nf3 g6 3. g3 Bg7 4. Bg2 Nf6 5. O-O O-O 6. d3 c5 7. Nc3 Nc6 8. Ne5
Nxe5 9. fxe5 Ng4 10. Nxd5 e6 11. Nf6+ Nxf6 12. exf6 Bxf6 13. c3 Bg7 14. Qa4 Bd7
15. Qc4 Qb6 16. a4 a5 17. Ra3 Rab8 18. Rb3 Qc7 19. d4 b6 20. Be3 Rfc8 21. Bf4
e5 22. Bxe5 Be6 23. Qxe6 fxe6 24. Bxc7 Rxc7 25. d5 exd5 26. Bxd5+ Kh8 27. e4
Be5 28. Kf2 Re7 29. Ke2 Kg7 30. Kd3 Bc7 31. Kc4 Rf8 32. Rxf8 Kxf8 33. Kb5 Ke8
34. Kc6 Kd8 35. c4 Kc8 36. Rf3 Bd8 37. Rf8 Rc7+ 38. Kxb6 Rb7+ 39. Kxc5 Rxb2 40.
Kd6 Rxh2 41. c5 1-0

[Event "89th YMCA Spring-A"]
[Site "Warszawa"]
[Date "2011.04.05"]
[Round "1"]
[White "Zurkowski, Andrzej"]
[Black "Kielar, Maciej"]
[Result "1-0"]
[WhiteElo "2135"]
[BlackElo "2101"]
[PlyCount "105"]
[EventDate "2011.03.29"]
[EventType "tourn"]
[EventRounds "1"]
[EventCountry "POL"]
[SourceDate "2011.03.31"]

1. d4 c5 2. d5 Nf6 3. c4 g6 4. Nc3 Bg7 5. e4 d6 6. g3 O-O 7. Bg2 Qa5 8. Nge2
Nbd7 9. O-O Qb4 10. b3 Nxe4 11. Nxe4 Bxa1 12. Bd2 Qa3 13. Qxa1 f6 14. f4 Rf7
15. g4 Rb8 16. g5 f5 17. N4g3 b5 18. cxb5 Rxb5 19. Nc3 Rb8 20. Re1 c4 21. Nb1
Qc5+ 22. Be3 Qa5 23. Nd2 cxb3 24. Nxb3 Qa4 25. Ne2 Nb6 26. Ned4 Nc4 27. Nc6
Nxe3 28. Rxe3 Rb7 29. Nd8 Qxf4 30. Rf3 Qxg5 31. Qh8+ Kxh8 32. Nxf7+ Kg7 33.
Nxg5 h6 34. Rc3 Bd7 35. Nf3 a5 36. Nxa5 Rb1+ 37. Bf1 Bb5 38. Nd2 Rd1 39. Nac4
Bxc4 40. Nxc4 Rxd5 41. a4 Rc5 42. Rb3 Rc7 43. a5 Ra7 44. Rb5 Kf6 45. Nb6 e5 46.
Nc8 Ra6 47. Rd5 Ra8 48. Nb6 Rd8 49. a6 Ke6 50. a7 e4 51. Bc4 e3 52. a8=Q e2 53.
Rd2+ 1-0

[Event "89th YMCA Spring-A"]
[Site "Warszawa"]
[Date "2011.04.28"]
[Round "1"]
[White "Malec, Sebastian"]
[Black "Grochulski, Grzegorz"]
[Result "1-0"]
[WhiteElo "2195"]
[BlackElo "2069"]
[PlyCount "45"]
[EventDate "2011.03.29"]
[EventType "tourn"]
[EventRounds "1"]
[EventCountry "POL"]
[SourceDate "2011.03.31"]

1. e4 g6 2. d4 Bg7 3. Nc3 d6 4. Be3 a6 5. g4 b5 6. Bg2 Bb7 7. Nge2 Nd7 8. O-O
Ngf6 9. Ng3 h5 10. e5 Bxg2 11. exf6 Bxf1 12. fxg7 Rg8 13. gxh5 gxh5 14. Kxf1
Rxg7 15. Nxh5 Rg8 16. Qf3 Nb6 17. Re1 Qd7 18. Bg5 O-O-O 19. Rxe7 Rxg5 20. Rxd7
Nxd7 21. h4 Rg6 22. Nd5 Re6 23. Ng7 1-0

[Event "89th YMCA Spring-A"]
[Site "Warszawa"]
[Date "2011.04.01"]
[Round "1"]
[White "Liberadzki, Slawomir"]
[Black "Krasiewicz, Robert"]
[Result "1-0"]
[WhiteElo "2013"]
[BlackElo "2057"]
[PlyCount "153"]
[EventDate "2011.03.29"]
[EventType "tourn"]
[EventRounds "1"]
[EventCountry "POL"]
[SourceDate "2011.03.31"]

1. e4 d5 2. exd5 Qxd5 3. Nc3 Qa5 4. d4 Nf6 5. Nf3 Bf5 6. Bc4 e6 7. Bd2 c6 8.
Qe2 Nbd7 9. O-O-O Qc7 10. Rhe1 O-O-O 11. Bb3 h6 12. h3 Nb6 13. g4 Bh7 14. Ne5
Kb8 15. Bf4 Bd6 16. Bg3 Rhe8 17. Qf3 Re7 18. h4 Nbd7 19. g5 hxg5 20. hxg5 Bxe5
21. gxf6 Bxg3 22. fxe7 Bf4+ 23. Kb1 Re8 24. Ne2 g5 25. Nxf4 Qxf4 26. Qxf4+ gxf4
27. Rh1 Bg6 28. Rh4 f3 29. Re1 Rxe7 30. Rf4 Nb6 31. Rxf3 Rd7 32. Rg3 Nd5 33.
Ka1 Nb4 34. c3 Nc2+ 35. Bxc2 Bxc2 36. Rg7 Kc7 37. b3 Bg6 38. Kb2 Kd6 39. Rg8
Kc7 40. Re2 Rd5 41. Re5 Rd7 42. Rh8 Bf5 43. Kc1 b6 44. Ra8 Kd6 45. Rf8 c5 46.
Re1 cxd4 47. cxd4 Kd5 48. Rd1 Bg6 49. Kb2 Ke4 50. Ra8 Bh5 51. Rd2 Bf3 52. Rc8
f5 53. Rc6 Re7 54. Rd6 Kf4 55. Rc2 Bd5 56. Re2 Rh7 57. Rd8 Kf3 58. Rd2 Be4 59.
a4 Rc7 60. Rg8 Rd7 61. Re8 Bd5 62. Rc8 Be4 63. Rc3+ Kf4 64. Ka3 a5 65. b4 Bd5
66. bxa5 bxa5 67. Rc5 Ra7 68. Rb2 Ke4 69. Rbb5 Kxd4 70. Rxa5 Rh7 71. Rc2 Rh3+
72. Kb2 Rb3+ 73. Kc1 Ra3 74. Kd2 Bb3 75. Rb2 Kc4 76. Rb5 f4 77. R5xb3 1-0

[Event "89th YMCA Spring-A"]
[Site "Warszawa"]
[Date "2011.04.12"]
[Round "2"]
[White "Choroszej, Aleksander"]
[Black "Krasiewicz, Robert"]
[Result "1-0"]
[WhiteElo "2067"]
[BlackElo "2057"]
[PlyCount "59"]
[EventDate "2011.03.29"]
[EventType "tourn"]
[EventRounds "1"]
[EventCountry "POL"]
[SourceDate "2011.03.31"]

1. d4 d5 2. c4 dxc4 3. e4 e5 4. Nf3 exd4 5. Bxc4 Bb4+ 6. Nbd2 Nc6 7. O-O Nge7
8. Ng5 Ne5 9. Nxf7 Nxf7 10. Bxf7+ Kxf7 11. Qb3+ Be6 12. Qxb4 b6 13. Nf3 c5 14.
Ng5+ Kf6 15. Qa3 Ng6 16. Qf3+ Ke7 17. Nxe6 Kxe6 18. Qf5+ Kd6 19. b4 Ne5 20.
bxc5+ bxc5 21. f4 Nd7 22. Qd5+ Ke7 23. f5 h6 24. Bf4 Qc8 25. e5 Nb6 26. f6+ Kf8
27. Qd6+ Kg8 28. fxg7 Kxg7 29. Qf6+ Kg8 30. Qg6+ 1-0

[Event "89th YMCA Spring-A"]
[Site "Warszawa"]
[Date "2011.04.08"]
[Round "2"]
[White "Grochulski, Grzegorz"]
[Black "Liberadzki, Slawomir"]
[Result "1-0"]
[WhiteElo "2069"]
[BlackElo "2013"]
[PlyCount "111"]
[EventDate "2011.03.29"]
[EventType "tourn"]
[EventRounds "1"]
[EventCountry "POL"]
[SourceDate "2011.03.31"]

1. e4 c5 2. Nf3 e6 3. d4 cxd4 4. Nxd4 Nc6 5. Nc3 Qc7 6. g3 a6 7. Bg2 d6 8. O-O
Bd7 9. a4 Be7 10. Nb3 Bf6 11. Bf4 Ne5 12. Ra2 Ne7 13. Ne2 N7g6 14. Bc1 Rc8 15.
Nbd4 O-O 16. b3 Nc6 17. c4 Rfd8 18. Be3 Nge7 19. Rd2 Nxd4 20. Bxd4 Bxd4 21.
Rxd4 Bc6 22. Nc3 Rd7 23. Qd2 Rcd8 24. Rc1 Qb6 25. Rb1 f5 26. a5 Qa7 27. Rd3
fxe4 28. Nxe4 d5 29. cxd5 exd5 30. Ng5 Rd6 31. Re1 Ng6 32. h4 h6 33. Ne6 Re8
34. Nd4 Rdd8 35. h5 Ne5 36. Rde3 Qb8 37. Nxc6 Nxc6 38. Rxe8+ Rxe8 39. Qxd5+ Kh8
40. Rxe8+ Qxe8 41. Be4 Nxa5 42. Qf5 Kg8 43. Qh7+ Kf8 44. Qh8+ Ke7 45. Qxg7+ Kd8
46. Bf3 Qe6 47. b4 Nc6 48. Qxb7 Qe1+ 49. Kg2 Nxb4 50. Qb6+ Kd7 51. Qxh6 a5 52.
Qg7+ Qe7 53. h6 Nd3 54. Qxe7+ Kxe7 55. h7 Ne1+ 56. Kf1 1-0

[Event "89th YMCA Spring-A"]
[Site "Warszawa"]
[Date "2011.04.08"]
[Round "2"]
[White "Kielar, Maciej"]
[Black "Malec, Sebastian"]
[Result "1-0"]
[WhiteElo "2101"]
[BlackElo "2195"]
[PlyCount "95"]
[EventDate "2011.03.29"]
[EventType "tourn"]
[EventRounds "1"]
[EventCountry "POL"]
[SourceDate "2011.03.31"]

1. e4 c5 2. Nf3 Nc6 3. d4 cxd4 4. Nxd4 Nf6 5. Nc3 d6 6. Bg5 Qb6 7. Nb3 e6 8.
Qd2 a6 9. O-O-O Bd7 10. f4 O-O-O 11. Be2 h5 12. Rhf1 Be7 13. h3 Kb8 14. f5 Ne5
15. Be3 Qc7 16. Bg1 b5 17. Qe3 Rc8 18. Kb1 b4 19. Bxa6 bxc3 20. Rd4 d5 21. Bh2
Ka8 22. Bxc8 Rxc8 23. Qe2 Qb7 24. exd5 Nc4 25. Rxc4 Rxc4 26. Qxc4 Bb5 27. Qxc3
Bxf1 28. d6 Bd8 29. Nc5 Qd5 30. Qa3+ Kb8 31. Qb4+ Kc8 32. a4 Nd7 33. Nxd7 Kxd7
34. fxe6+ fxe6 35. Qf4 Qf5 36. Qd4 g5 37. Qa7+ Ke8 38. Qg7 Bf6 39. Qg8+ Kd7 40.
Qf7+ Kc6 41. Qc7+ Kd5 42. Qb7+ Kd4 43. Qb4+ Kd5 44. d7 Bc4 45. Qb7+ Kd4 46.
Bg1+ Ke5 47. Qc7+ Kd5 48. Qc5+ 1-0

[Event "89th YMCA Spring-A"]
[Site "Warszawa"]
[Date "2011.04.07"]
[Round "2"]
[White "Kasperkiewicz, Pawel"]
[Black "Zurkowski, Andrzej"]
[Result "1-0"]
[WhiteElo "2128"]
[BlackElo "2135"]
[PlyCount "149"]
[EventDate "2011.03.29"]
[EventType "tourn"]
[EventRounds "1"]
[EventCountry "POL"]
[SourceDate "2011.03.31"]

1. e4 c5 2. c3 d5 3. exd5 Qxd5 4. d4 e6 5. Nf3 Nc6 6. Na3 cxd4 7. Nb5 Bd6 8.
Bc4 Qe4+ 9. Be3 Bb8 10. Nbxd4 Bd7 11. O-O Nf6 12. Re1 O-O 13. Bg5 Qg6 14. Bh4
e5 15. Nb3 Bg4 16. Be2 Bc7 17. Bg3 Rad8 18. Qb1 Qxb1 19. Raxb1 Nh5 20. Bh4 f6
21. h3 Bf5 22. Rbd1 Nf4 23. Bc4+ Kh8 24. Nc5 b6 25. Nb7 Rxd1 26. Rxd1 Be4 27.
Rd7 Bb8 28. Ne1 Bf5 29. Rd2 g5 30. Bg3 Kg7 31. Nd6 Bg6 32. Bb5 Ne7 33. f3 Ned5
34. Ne4 Bf7 35. a3 Nc7 36. Bf1 Nce6 37. Bf2 Rd8 38. Rxd8 Nxd8 39. g3 Nfe6 40.
Nc2 f5 41. Nd2 Kf6 42. Ne3 Nc5 43. Bc4 Na4 44. Bxf7 Nxf7 45. Nd1 Bd6 46. b3 Nc5
47. Nb2 e4 48. fxe4 Nxe4 49. Nxe4+ fxe4 50. Nc4 Be5 51. Nxe5 Kxe5 52. Bd4+ Kd5
53. g4 Nd6 54. a4 b5 55. Bxa7 bxa4 56. bxa4 Kc4 57. Kf2 Kxc3 58. Ke3 Kb4 59.
Bb8 Nf7 60. Kxe4 Kxa4 61. Kf5 Kb5 62. Kf6 Nh8 63. Kxg5 Kc6 64. Kh6 Nf7+ 65. Kg7
Ng5 66. h4 Nf3 67. h5 Ng5 68. Kh6 Ne4 69. Kxh7 Nf6+ 70. Kg6 Nxg4 71. Kg5 Kd7
72. Kxg4 Ke6 73. Kg5 Kf7 74. Be5 Kg8 75. Kg6 1-0

[Event "89th YMCA Spring-A"]
[Site "Warszawa"]
[Date "2011.04.08"]
[Round "2"]
[White "Jaworski, Andrzej"]
[Black "Szymczak, Rafal"]
[Result "1/2-1/2"]
[WhiteElo "2040"]
[BlackElo "2089"]
[Annotator "M"]
[PlyCount "42"]
[EventDate "2011.03.29"]
[EventType "tourn"]
[EventRounds "1"]
[EventCountry "POL"]
[SourceDate "2011.03.31"]

1. e4 c6 2. d4 d5 3. Bd3 dxe4 4. Bxe4 Nf6 5. Bf3 Bf5 6. Ne2 Be4 7. Bxe4 Nxe4 8.
Qd3 Nf6 9. O-O e6 10. Nbc3 Be7 11. Bf4 Nbd7 12. Rad1 O-O 13. Ne4 Nxe4 14. Qxe4
Nf6 15. Qd3 Qa5 16. a3 Rfd8 17. c3 Bd6 18. Qc2 Bxf4 19. Nxf4 c5 20. Ne2 Rac8
21. h3 h6 $11 1/2-1/2

[Event "89th YMCA Spring-A"]
[Site "Warszawa"]
[Date "2011.04.12"]
[Round "2"]
[White "Jarmula, Pawel"]
[Black "Sielicki, Tomasz"]
[Result "1/2-1/2"]
[WhiteElo "2031"]
[BlackElo "2026"]
[PlyCount "99"]
[EventDate "2011.03.29"]
[EventType "tourn"]
[EventRounds "1"]
[EventCountry "POL"]
[SourceDate "2011.03.31"]

1. e4 e5 2. Nf3 Nc6 3. d4 exd4 4. Nxd4 Nf6 5. Nxc6 bxc6 6. e5 Qe7 7. Qe2 Nd5 8.
c4 Ba6 9. Nd2 g6 10. Nf3 Qb4+ 11. Kd1 Bg7 12. a3 Qe7 13. Bg5 f6 14. exf6 Qxe2+
15. Bxe2 Nxf6 16. Kc2 Rb8 17. Nd2 O-O 18. Rab1 d5 19. Be3 Rbe8 20. Rhe1 Nd7 21.
cxd5 Bxe2 22. Rxe2 cxd5 23. Rbe1 c5 24. Nf3 d4 25. Bg5 Rxe2+ 26. Rxe2 c4 27.
Re7 d3+ 28. Kb1 Nc5 29. Rc7 Ne4 30. Rxc4 Rxf3 31. Rxe4 Rxf2 32. Re8+ Kf7 33.
Re7+ Kf8 34. Rxa7 Rxb2+ 35. Kc1 Rxg2 36. Ra8+ Kf7 37. Ra7+ Ke6 38. Rxg7 Rxg5
39. Rxh7 Ra5 40. h4 Rxa3 41. h5 g5 42. Kd2 Kf5 43. Rf7+ Ke6 44. Rg7 Kf6 45. Rd7
g4 46. h6 g3 47. h7 Ra2+ 48. Kxd3 Rh2 49. Ke3 Kg6 50. Kf3 1/2-1/2

[Event "89th YMCA Spring-A"]
[Site "Warszawa"]
[Date "2011.04.08"]
[Round "2"]
[White "Gluszko, Monika"]
[Black "Kaczorowski, Piotr"]
[Result "1/2-1/2"]
[WhiteElo "1990"]
[BlackElo "2117"]
[PlyCount "105"]
[EventDate "2011.03.29"]
[EventType "tourn"]
[EventRounds "1"]
[EventCountry "POL"]
[SourceDate "2011.03.31"]

1. e4 e6 2. d4 d5 3. Nc3 dxe4 4. Nxe4 Nd7 5. Nf3 Ngf6 6. Bg5 h6 7. Bxf6 Nxf6 8.
Bd3 Nxe4 9. Bxe4 c5 10. Qe2 Qa5+ 11. c3 cxd4 12. Nxd4 Be7 13. a4 O-O 14. b4 Qc7
15. Nb5 Qb8 16. O-O Rd8 17. a5 a6 18. Na3 Bd7 19. Qf3 Ra7 20. Rfd1 b5 21. axb6
Qxb6 22. Nc4 Qc7 23. Na5 Bf6 24. Rac1 Ba4 25. Rd3 Rxd3 26. Qxd3 Qf4 27. Qe3 Qb8
28. Qf3 Rc7 29. g3 Qb6 30. Bd3 Rd7 31. Qa8+ Rd8 32. Qxa6 Qxa6 33. Bxa6 Rd2 34.
b5 Ra2 35. Nc6 Rb2 36. c4 h5 37. Nb8 Bd4 38. Rf1 Bb3 39. Nc6 Bb6 40. Ne5 Rc2
41. Kg2 Bxc4 42. Nxc4 Rxc4 43. f4 Rc2+ 44. Kf3 Rxh2 45. Bb7 Rb2 46. Bc6 f5 47.
Be8 Kh7 48. Bd7 Kg6 49. Bxe6 Rxb5 50. Kg2 Kf6 51. Bd7 Rd5 52. Be8 Rd8 53. Bxh5
1/2-1/2

[Event "89th YMCA Spring-A"]
[Site "Warszawa"]
[Date "2011.04.20"]
[Round "3"]
[White "Kaczorowski, Piotr"]
[Black "Choroszej, Aleksander"]
[Result "1-0"]
[WhiteElo "2117"]
[BlackElo "2067"]
[PlyCount "83"]
[EventDate "2011.03.29"]
[EventType "tourn"]
[EventRounds "1"]
[EventCountry "POL"]
[SourceDate "2011.03.31"]

1. d4 g6 2. c4 Bg7 3. Nf3 d6 4. g3 Nf6 5. Bg2 O-O 6. O-O Nc6 7. Nc3 a6 8. h3
Rb8 9. e4 e5 10. Be3 exd4 11. Nxd4 Nxd4 12. Bxd4 Be6 13. Qd3 Qd7 14. Kh2 b5 15.
cxb5 axb5 16. Nd5 Bxd5 17. exd5 b4 18. Rfc1 Rfe8 19. a4 bxa3 20. bxa3 Qa4 21.
Rc4 Qb3 22. Qxb3 Rxb3 23. Ra2 Ra8 24. a4 Ra5 25. Be3 Nxd5 26. Bxd5 Rxd5 27.
Rxc7 Rb8 28. a5 Ra8 29. a6 Re5 30. Bf4 Re6 31. a7 Bd4 32. Bh6 Ree8 33. Rb7 Bc5
34. Kg2 Bd4 35. Kf3 Bc5 36. Ra4 Rec8 37. g4 Re8 38. h4 f6 39. Be3 Bxe3 40. fxe3
Rf8 41. Rab4 f5 42. g5 1-0

[Event "89th YMCA Spring-A"]
[Site "Warszawa"]
[Date "2011.04.15"]
[Round "3"]
[White "Sielicki, Tomasz"]
[Black "Gluszko, Monika"]
[Result "1-0"]
[WhiteElo "2026"]
[BlackElo "1990"]
[PlyCount "53"]
[EventDate "2011.03.29"]
[EventType "tourn"]
[EventRounds "1"]
[EventCountry "POL"]
[SourceDate "2011.03.31"]

1. d4 Nf6 2. Bg5 Ne4 3. h4 c5 4. d5 Qb6 5. Nd2 Nxg5 6. hxg5 Qxb2 7. g6 fxg6 8.
e4 Na6 9. Rb1 Qf6 10. Ngf3 e5 11. dxe6 dxe6 12. e5 Qd8 13. Bd3 Kf7 14. Ne4 Be7
15. Qc1 Kg8 16. Neg5 Bxg5 17. Nxg5 Nb4 18. Bxg6 Qd4 19. Bxh7+ Kf8 20. Rb3 Qxe5+
21. Re3 Nxc2+ 22. Qxc2 Qxg5 23. Rhh3 Bd7 24. Rhg3 Qh6 25. Qxc5+ Ke8 26. Bg6+
Kd8 27. Rh3 1-0

[Event "89th YMCA Spring-A"]
[Site "Warszawa"]
[Date "2011.04.15"]
[Round "3"]
[White "Szymczak, Rafal"]
[Black "Jarmula, Pawel"]
[Result "1/2-1/2"]
[WhiteElo "2089"]
[BlackElo "2031"]
[PlyCount "118"]
[EventDate "2011.03.29"]
[EventType "tourn"]
[EventRounds "1"]
[EventCountry "POL"]
[SourceDate "2011.03.31"]

1. f4 Nf6 2. Nf3 g6 3. g3 Bg7 4. Bg2 O-O 5. O-O d5 6. d3 c5 7. Nc3 Nc6 8. Ne5
Nxe5 9. fxe5 Ng4 10. Nxd5 Nxe5 11. Bg5 Nc6 12. c3 h6 13. Bd2 Qd6 14. e4 b6 15.
Bf4 e5 16. Be3 Ne7 17. c4 Nxd5 18. cxd5 f5 19. Qd2 g5 20. exf5 Bxf5 21. Rf2 Bg6
22. Raf1 Bf7 23. h4 Bxd5 24. Bxd5+ Qxd5 25. hxg5 hxg5 26. Bxg5 e4 27. Rxf8+
Rxf8 28. Rxf8+ Kxf8 29. Qf4+ Kg8 30. dxe4 Qxa2 31. Bf6 Bxf6 32. Qxf6 Qb1+ 33.
Kh2 Qxe4 34. Kh3 Qh7+ 35. Kg2 Qg7 36. Qd8+ Kh7 37. Qd3+ Kh6 38. b3 Qe5 39. Kh3
a6 40. g4 b5 41. Qd2+ Kg6 42. Qd3+ Kf6 43. Qd8+ Kf7 44. Qd7+ Qe7 45. Qf5+ Kg7
46. Qd3 Qc7 47. Qc3+ Kg8 48. Qf6 c4 49. bxc4 bxc4 50. Qxa6 c3 51. Qg6+ Kh8 52.
Qf6+ Kh7 53. Qf5+ Kg7 54. Qg5+ Kf7 55. Qf5+ Ke7 56. Qc2 Qe5 57. Kg2 Qd5+ 58.
Kf2 Qe5 59. Qe2 Ke6 1/2-1/2

[Event "89th YMCA Spring-A"]
[Site "Warszawa"]
[Date "2011.04.15"]
[Round "3"]
[White "Zurkowski, Andrzej"]
[Black "Jaworski, Andrzej"]
[Result "1-0"]
[WhiteElo "2135"]
[BlackElo "2040"]
[PlyCount "67"]
[EventDate "2011.03.29"]
[EventType "tourn"]
[EventRounds "1"]
[EventCountry "POL"]
[SourceDate "2011.03.31"]

1. d4 d5 2. Nf3 Nf6 3. b3 e6 4. e3 g6 5. Bd3 Bg7 6. Ba3 Bd7 7. Nbd2 Nc6 8. O-O
Ne7 9. c4 O-O 10. Rc1 Re8 11. Ne5 Nc6 12. f4 a6 13. g4 Bc8 14. Qe2 dxc4 15.
bxc4 Ne7 16. Rf3 b6 17. Rh3 Bb7 18. g5 Nd7 19. Qg4 c5 20. Nxd7 Qxd7 21. Qh4
Rac8 22. Qxh7+ Kf8 23. Be4 Ng8 24. dxc5 bxc5 25. Bxb7 Qxb7 26. Nb3 Qb6 27. Rd1
a5 28. Rd7 a4 29. Bb2 e5 30. fxe5 Qe6 31. Rd6 Qe7 32. Rf3 Qxg5+ 33. Kf2 Rxe5
34. Rxg6 1-0

[Event "89th YMCA Spring-A"]
[Site "Warszawa"]
[Date "2011.04.15"]
[Round "3"]
[White "Malec, Sebastian"]
[Black "Kasperkiewicz, Pawel"]
[Result "0-1"]
[WhiteElo "2195"]
[BlackElo "2128"]
[PlyCount "76"]
[EventDate "2011.03.29"]
[EventType "tourn"]
[EventRounds "1"]
[EventCountry "POL"]
[SourceDate "2011.03.31"]

1. e4 c6 2. d4 d5 3. Nc3 dxe4 4. Nxe4 Bf5 5. Ng3 Bg6 6. Bc4 e6 7. N1e2 Nf6 8.
Nf4 Bd6 9. h4 Bxf4 10. Bxf4 h6 11. h5 Bh7 12. Qe2 Nbd7 13. O-O-O Nb6 14. Bd3
Bxd3 15. Qxd3 Qd5 16. Kb1 Qb5 17. Rhe1 Qxd3 18. Rxd3 O-O 19. Rb3 Rfd8 20. Be5
Nfd7 21. Ne4 Nxe5 22. dxe5 Rd5 23. Nd6 Rd8 24. c4 Rd2 25. Rf3 Rd7 26. Re4 Na4
27. Kc1 Rxb2 28. Ra3 Rb4 29. Rg4 f5 30. Rg6 Nc5 31. Rxa7 Nd3+ 32. Kc2 Nxe5 33.
Ra8+ Kh7 34. Rxe6 Nf7 35. a3 Rxd6 36. Rxd6 Rxc4+ 37. Kd3 Nxd6 38. Rd8 Nf7 0-1

[Event "89th YMCA Spring-A"]
[Site "Warszawa"]
[Date "2011.04.15"]
[Round "3"]
[White "Liberadzki, Slawomir"]
[Black "Kielar, Maciej"]
[Result "1-0"]
[WhiteElo "2013"]
[BlackElo "2101"]
[PlyCount "67"]
[EventDate "2011.03.29"]
[EventType "tourn"]
[EventRounds "1"]
[EventCountry "POL"]
[SourceDate "2011.03.31"]

1. e4 c5 2. c3 g6 3. d4 cxd4 4. cxd4 d5 5. exd5 Nf6 6. Nc3 Bg7 7. Bc4 O-O 8.
Bf4 Nbd7 9. d6 exd6 10. Nge2 Nb6 11. Bb3 Nh5 12. Be3 Re8 13. O-O d5 14. Nf4
Nxf4 15. Bxf4 a6 16. Qf3 Be6 17. Be5 f6 18. Bg3 Qd7 19. a4 Nc4 20. Bxc4 dxc4
21. d5 Bf5 22. Rfe1 Bd3 23. Ne4 Rxe4 24. Rxe4 f5 25. Re3 Bxb2 26. Rae1 Qxa4 27.
d6 Qb5 28. Re7 Rd8 29. Rxb7 Qa5 30. Qe3 Bg7 31. Qe7 Qxe1+ 32. Qxe1 Be4 33.
Rxg7+ Kxg7 34. f3 1-0

[Event "89th YMCA Spring-A"]
[Site "Warszawa"]
[Date "2011.04.15"]
[Round "3"]
[White "Krasiewicz, Robert"]
[Black "Grochulski, Grzegorz"]
[Result "1/2-1/2"]
[WhiteElo "2057"]
[BlackElo "2069"]
[PlyCount "138"]
[EventDate "2011.03.29"]
[EventType "tourn"]
[EventRounds "1"]
[EventCountry "POL"]
[SourceDate "2011.03.31"]

1. Nf3 g6 2. c4 Bg7 3. d4 d6 4. g3 Nf6 5. Bg2 O-O 6. O-O Na6 7. Nc3 c5 8. h3
Bd7 9. Re1 Rb8 10. Nb5 cxd4 11. Nfxd4 Qc8 12. Be3 Bxh3 13. Nxa7 Qd7 14. Rb1
Bxg2 15. Kxg2 Ng4 16. Bc1 Nb4 17. Nab5 Rfc8 18. a3 Nc6 19. b3 Nxd4 20. Nxd4 Rc5
21. f3 Nf6 22. Be3 Ra5 23. Nc2 Rh5 24. Rh1 Rxh1 25. Qxh1 b5 26. Nd4 bxc4 27.
bxc4 Rc8 28. Qh3 Qxh3+ 29. Kxh3 Rxc4 30. Rb8+ Bf8 31. Nb5 Kg7 32. Ra8 Rc2 33.
Nd4 Ra2 34. a4 e5 35. Nb5 Rxe2 36. Bg5 Nd5 37. a5 Rb2 38. Rb8 Ra2 39. Ra8 h6
40. Bc1 Nb6 41. Rxf8 Rxa5 42. Bxh6+ Kxh6 43. Nxd6 f5 44. Rb8 Nd5 45. Nf7+ Kg7
46. Nxe5 f4 47. Rb7+ Kf6 48. Ng4+ Kg5 49. Rd7 Nf6 50. Nxf6 Kxf6 51. gxf4 Ra6
52. Kg4 Ra5 53. Rd6+ Kf7 54. Rb6 Kg7 55. Re6 Rf5 56. Re5 Rf6 57. Kg5 Rf7 58.
Rc5 Ra7 59. f5 gxf5 60. Kxf5 Ra6 61. Rc7+ Kf8 62. f4 Rb6 63. Rd7 Ra6 64. Kg5
Rb6 65. f5 Ra6 66. Rb7 Rc6 67. f6 Rc1 68. Rb8+ Kf7 69. Rb7+ Kf8 1/2-1/2